000 00776nam a2200241Ia 4500
003 OSt
005 20220926000345.0
006 a|||||r|||| 00| 0
007 ta
008 220923b |||||||| |||| 00| 0 eng d
037 _cGeneral Book
040 _aRTL
_cRTL
_beng
041 _2eng
_aeng
082 _aDelta :D6,9(B).2.N7, L5
100 _aRoy Ramashraay
_924267
245 0 _aOrganization and management of social science data
260 _a New Delhi
_bI C S S E India
_c1975
300 _a44p.
_ccm.
490 _aIndian Council of Social Science Research, ocoasional monographs,11
650 _aSpiritual Experience and Mysticism
_9235713
942 _hDelta :D6,9(B).2.N7, L5
_cGB
_2CC
999 _c598874
_d598874